| 000 | 00589nam a2200217 a 4500 | ||
|---|---|---|---|
| 005 | 20210219153012.0 | ||
| 008 | 991125n 000 0 u | ||
| 035 | _aUPN01000072547 | ||
| 100 | _aFine, Michelle | ||
| 222 | _aEDUCATIONAL THEORY | ||
| 245 | _aA diary on privatization and on public possibilities | ||
| 300 | _a33-39 | ||
| 362 | _a43, No. 1, 1993 | ||
| 505 | _aNoviembre 1993 | ||
| 653 | 0 | _aEDUCACION EQUITATIVA | |
| 653 | 0 | _aEDUCACION PUBLICA | |
| 653 | 0 | _aMEJORAMIENTO EDUCATIVO | |
| 653 | 0 | _aPOLITICAS DE EDUCACION | |
| 904 |
_aAC _b010358 |
||
| 905 | _aArticulo | ||
| 999 |
_c65977 _d65977 |
||